| 000 | 00432nam a2200169Ia 4500 | ||
|---|---|---|---|
| 008 | 180424s9999 xx 000 0 und d | ||
| 084 | _a155.24 H1 | ||
| 100 | _a"Haas, Kurt" | ||
| 245 | 0 | _aUnderstanding Adjustment and Behavior Ed: 2 | |
| 250 | _a\\197002ENGGPS000 | ||
| 260 | _aPrentice Hall | ||
| 260 | _b1970 | ||
| 260 | _cEnglewood Cliffs | ||
| 300 | _axiv+519p | ||
| 500 | _aincludes index and biblioraphy | ||
| 942 | _cBK | ||
| 999 |
_c29892 _d29892 |
||